| 000 | 00769nam a22002537a 4500 | ||
|---|---|---|---|
| 001 | 490 | ||
| 005 | 20230428133522.0 | ||
| 008 | 230428b cb ||||| |||| 00| 0 eng d | ||
| 020 | _a9781474950626 | ||
| 040 |
_aFISKH _beng _dFISKH |
||
| 050 | _aM381 | ||
| 082 | _a550 | ||
| 100 | _aMartin, Jerome | ||
| 245 |
_a100 things to know about planet earth / _cWritten by Jerome Martin, Darran Stobbart, Alice James and Tom Mumbray |
||
| 300 |
_a119 pages : _c25 cm. |
||
| 505 | _aU | ||
| 520 | _aIntroduction to earth sciences is full of colorful illustrations and presented in an engaging format. | ||
| 521 |
_a990
_bLexile IQ |
||
| 521 |
_aU
_bRaz-Plus |
||
| 700 | _aStobbart, Darran | ||
| 700 | _aJames, Alice | ||
| 700 | _aMumbray, Tom | ||
| 942 |
_2ddc _cBK _n0 |
||
| 999 |
_c490 _d490 |
||